000
00335 a2200157 4500
001
45735
020
_a
9723309807
040
_c
Anchieta - Aquarius
100
_a
Storr, Catherine
240
1
0
_a
Robin dos bosques
_l
por
245
1
0
_a
Robin dos bosques
300
_a
362
0
_a
1994
650
4
_a
Literatura juvenil
942
_c
BK
999
_c
45735
_d
45735